La Diffusion dans les solides /

Guardado en:
Autor Principal: Adda, Y.
Otros Autores: Philibert, J.
Formato: Libro
Idioma:French
Publicado: Saclay : Paris : Institut national des sciences et techniques nucléaires ; Presses universitaires de France, [1964]
Materias:
Etiquetas: Agregar Etiqueta
Sin Etiquetas, Sea el primero en etiquetar este registro!
LEADER 00751cam a22002055a 4500
001 EIQ.libpla002751
008 850419s1964####fr#a#####b####000#0#fre#d
005 20070814165517.0
245 1 3 |a La Diffusion dans les solides /  |c par Y. Adda et J. Philibert. 
260 |a Saclay :  |b Institut national des sciences et techniques nucléaires ;  |a Paris :  |b Presses universitaires de France,  |c [1964] 
300 |a 564 p. :  |b il. ;  |c 25 cm. 
504 |a Incluye referencias bibliográficas. 
100 1 |a Adda, Y.  |q (Yves) 
700 1 |a Philibert, J.  |q (Jean). 
082 0 0 |a 531/.7 
650 4 |a Catálisis  |x Difusión. 
650 4 |a Catalysis  |x Diffusion. 
010 |a  67083661  
040 |a DLC/ICU  |c ICU  |d DLC  |d AR-BbSID 
859 |a AR-BbSID  |b BIB. PLAPIQUI  |h 530.41  |i Ad 21  |p 3581